30 Najlepszych Reprezantacji w Piłce Nożnej - Statystyki

Ogólne statystyki
  • Ten quiz został rozwiązany 175 razy
    6 od ostatniego zresetowania
  • Średni wynik to 23 z 30
Statystyki odpowiedzi
Miejsce Reprezentacja % Poprawnych
#4 Anglia
100%
#2 Argentyna
100%
#8 Belgia
100%
#5 Brazylia
100%
#10 Chorwacja
100%
#3 Francja
100%
#1 Hiszpania
100%
#7 Holandia
100%
#9 Niemcy
100%
#6 Portugalia
100%
#14 Stany Zjednoczone
100%
#12 Włochy
100%
#23 Ekwador
80%
#18 Japonia
80%
#13 Kolumbia
80%
#11 Maroko
80%
#15 Meksyk
80%
#19 Senegal
80%
#26 Australia
60%
#24 Austria
60%
#27 Kanada
60%
#22 Korea Południowa
60%
#29 Norwegia
60%
#17 Szwajcaria
60%
#28 Ukraina
60%
#16 Urugwaj
60%
#21 Dania
40%
#20 Iran
40%
#30 Panama
40%
#25 Turcja
40%
Nie znaleziono quizów pasujących do podanych kryteriów
Rozkład punktacji
Procent ludzi z każdym wynikiem
Percentyl według liczby udzielonych odpowiedzi
Twoja historia wyników
Nie rozwiązałeś tego quizu od ostatniego zresetowania